| 000 | 00619nam a2200229 a 4500 | ||
|---|---|---|---|
| 001 | BRCA_7611 | ||
| 005 | 20190320205918.0 | ||
| 008 | 060713s1952----nyua######---#000-0#eng-# | ||
| 041 | _aeng | ||
| 044 | _anyu | ||
| 050 | 4 |
_aPZ3 _b.K48 1952 |
|
| 100 | 1 |
_aKetcham, Hank _918763 |
|
| 245 | 1 | 0 |
_aDennis the menace _cHank Ketcham. |
| 260 |
_aEstados Unidos _bHenry Holt & Co. _cc1952 |
||
| 300 |
_a128 p. _bil. _c16 cm. |
||
| 440 | 0 |
_aAmerica´s most mischievous youngster _918764 |
|
| 500 | _aT11 | ||
| 650 | 1 | 4 |
_aCaricatura _918765 |
| 650 | 1 | 4 |
_aComic ilustrado _zEstados Unidos _918766 |
| 902 | _aGFM | ||
| 942 |
_2lcc _cB |
||
| 999 |
_c7285 _d7285 |
||